Property securitisation: report prepared by a working group of the Investment Property Forum. (Record no. 90629)

MARC details
000 -LEADER
fixed length control field 01212cam a2200277 4500
008 - FIXED-LENGTH DATA ELEMENTS--GENERAL INFORMATION
fixed length control field 090401t1995 xxu||||| |||| 00| 0 eng d
020 ## - INTERNATIONAL STANDARD BOOK NUMBER
International Standard Book Number 1900504006
035 ## - SYSTEM CONTROL NUMBER
System control number (Sirsi) u38254
041 ## - LANGUAGE CODE
Language code of text/sound track or separate title eng
050 ## - LIBRARY OF CONGRESS CALL NUMBER
Classification number 332.6324
110 ## - MAIN ENTRY--CORPORATE NAME
Corporate name or jurisdiction name as entry element Investment Property Forum
9 (RLIN) 2112
245 ## - TITLE STATEMENT
Title Property securitisation: report prepared by a working group of the Investment Property Forum.
260 ## - PUBLICATION, DISTRIBUTION, ETC.
Place of publication, distribution, etc. London
Name of publisher, distributor, etc. Investment Property Forum
Date of publication, distribution, etc. 1995
300 ## - PHYSICAL DESCRIPTION
Extent iii,60p. ; 30cm.
350 ## - PRICE (NR) (BK AM CF MU VM SE) [OBSOLETE]
Price 18
520 ## - SUMMARY, ETC.
Summary, etc. OUT OF PRINT. MAY BE PHOTOCOPIED IN FULL. The purpose of the report is to draw attention to current and potential future securitised property investment products and to make recommendations for the creation of a successful UK securitised property market, which can compete on even terms internationally.
650 ## - SUBJECT ADDED ENTRY--TOPICAL TERM
Topical term or geographic name entry element PROPERTY DEBT SECURITISATION
650 ## - SUBJECT ADDED ENTRY--TOPICAL TERM
Topical term or geographic name entry element PROPERTY EQUITY SECURITISATION
650 ## - SUBJECT ADDED ENTRY--TOPICAL TERM
Topical term or geographic name entry element PROPERTY INVESTMENT
650 ## - SUBJECT ADDED ENTRY--TOPICAL TERM
Topical term or geographic name entry element SECURITISED PROPERTY DEBT INSTRUMENTS
650 ## - SUBJECT ADDED ENTRY--TOPICAL TERM
Topical term or geographic name entry element SECURITISED PROPERTY EQUITY VEHICLES
690 ## - LOCAL SUBJECT ADDED ENTRY--TOPICAL TERM (OCLC, RLIN)
Topical term or geographic name as entry element PROPERTY-COMMERCIAL PROPERTY-COMMERCIAL PROPERTY FINANCE AND INVESTMENT
700 ## - ADDED ENTRY--PERSONAL NAME
Personal name Venmore-Rowland, Piers
International Standard Serial Number Editor
942 ## - ADDED ENTRY ELEMENTS (KOHA)
Suppress in OPAC 0
948 ## - LOCAL PROCESSING INFORMATION (OCLC); SERIES PART DESIGNATOR (RLIN)
c (OCLC) 04/03/1997
Holdings
Withdrawn status Lost status Source of classification or shelving scheme Damaged status Not for loan Home library Current library Shelving location Date acquired Cost, normal purchase price Total Checkouts Full call number Barcode Date last seen Date last checked out Copy number Cost, replacement price Price effective from Koha item type
    Dewey Decimal Classification     London London Folio 14/09/1999 18.00 9 F332.6324 30053046 06/08/2019 03/05/2006 2 18.00 06/08/2019 Book
    Dewey Decimal Classification     London London Folio 14/09/1999 18.00   F332.6324 30055876 06/08/2019   3 18.00 06/08/2019 Book
    Dewey Decimal Classification     London London RICS Boxes 14/09/1999 18.00   RICS 1995/132 30053045 06/08/2019   1 18.00 06/08/2019 Archive